000
00359nam a2200145Ia 4500
008
191206s9999 xx 000 0 und d
020
_a
0876688113 :
090
_a
RC552
245
0
_a
Stress response syndromes
250
_a
2nd ed.
260
_a
J. Aronson
260
_c
cc1986
300
_a
"xviii, 358 p. : ill. ; 24 cm."
999
_c
16982
_d
16982